Statistics for Name 5 random countries in Asia

Click here to take the quiz!

General Stats

  • This quiz has been taken 14 times
  • The average score is 2 of 5

Answer Stats

HintAnswer% Correct
Population:70,120,904Thailand
79%
Population:7,275,560Laos
71%
Population:1,366,181Timor-Leste
50%
Population:4,389,489kuwait
29%
Population:6,524,195Kyrgystan
7%

Score Distribution

Percentile by Number Answered

Percent of People with Each Score

Your Score History

You have not taken this quiz